[Event "Czech Open GM 2019"]
[Site "Pardubice"]
[Date "2019.07.26"]
[Round "8.18"]
[White "Keller, Peter"]
[Black "Frolov, Artur"]
[Result "1-0"]
[WhiteElo "2279"]
[BlackElo "2453"]
[Annotator "ChessBase"]
[PlyCount "117"]
[EventDate "2019.07.19"]
[EventType "swiss"]
[EventCountry "CZE"]
[SourceTitle "playchess.com"]
[Source "ChessBase"]
[SourceQuality "1"]

1. e4 e5 2. Nf3 Nc6 3. Bc4 Bc5 4. O-O Nf6 5. d3 d6 6. c3 Bb6 7. a4 a6 8. Nbd2 Ne7 9. Re1 Ng6 10. a5 Ba7 11. d4 O-O 12. h3 h6 13. Bb3 Re8 14. Bc2 c6 15. dxe5 dxe5 16. Nc4 Qxd1 17. Rxd1 Be6 18. Nd6 Red8 19. Be3 Bxe3 20. fxe3 Rd7 21. b4 Rad8 22. Nxb7 Rxd1+ 23. Bxd1 Rd3 24. Nc5 Rxe3 25. Nxa6 Nxe4 26. Nc7 Bc8 27. Bc2 Nxc3 28. Bxg6 fxg6 29. a6 Re4 30. a7 Bb7 31. a8=Q+ Bxa8 32. Rxa8+ Kf7 33. Re8 Nd5 34. Rxe5 Rxb4 35. Nxd5 cxd5 36. Rxd5 g5 37. Rd6 Re4 38. Kf2 Kg8 39. Rd7 g4 40. Rd4 Rxd4 41. Nxd4 gxh3 42. gxh3 Kf7 43. Kf3 g5 44. Ke4 Kg6 45. Nf3 Kf6 46. Nd2 Kg6 47. Nf3 Kf6 48. Ne5 Ke6 49. Nc4 Kf6 50. Ne3 Kg6 51. Ke5 Kh5 52. Ng2 Kg6 53. Ke6 h5 54. Ne3 h4 55. Ng4 Kh5 56. Nf6+ Kg6 57. Ke5 g4 58. Nxg4 Kg5 59. Nf2 1-0

[Event "Czech Open GM 2019"]
[Site "Pardubice"]
[Date "2019.07.26"]
[Round "8.18"]
[White "Sramek, Vojtech"]
[Black "Kosakowski, Jakub"]
[Result "0-1"]
[WhiteElo "2233"]
[BlackElo "2394"]
[Annotator "NA"]
[PlyCount "54"]
[EventDate "2019.07.19"]
[EventType "swiss"]
[EventCountry "CZE"]
[SourceTitle "playchess.com"]
[Source "ChessBase"]
[SourceQuality "1"]

1. e4 e5 2. Nf3 Nc6 3. Bc4 Bc5 4. d3 Nf6 5. O-O O-O 6. a4 d5 7. exd5 Nxd5 8. Re1 Bg4 9. h3 Bh5 10. Nbd2 Re8 11. Ne4 Bf8 12. a5 a6 13. c3 Qd7 14. Qb3 Rad8 15. Bg5 Bxf3 16. Bxd8 Nf4 17. Ng5 Bd5 18. Bxd5 Nxd5 19. Qxb7 Rxd8 20. Qxa6 Nf4 21. Ne4 Qd5 22. b4 f5 23. c4 Nxb4 24. cxd5 Nxa6 25. Ng3 g6 26. Rab1 Rxd5 27. Rec1 Nxd3 0-1

[Event "Czech Open GM 2019"]
[Site "Pardubice"]
[Date "2019.07.26"]
[Round "8.19"]
[White "Cernousek, Lukas"]
[Black "Mladek, Richard"]
[Result "1-0"]
[WhiteElo "2451"]
[BlackElo "2253"]
[Annotator "ChessBase"]
[PlyCount "81"]
[EventDate "2019.07.19"]
[EventType "swiss"]
[EventCountry "CZE"]
[SourceTitle "playchess.com"]
[Source "ChessBase"]
[SourceQuality "1"]

1. e4 c5 2. Nf3 Nc6 3. d4 cxd4 4. Nxd4 Nf6 5. Nc3 e5 6. Ndb5 d6 7. Bg5 a6 8. Na3 b5 9. Nd5 Be7 10. Bxf6 Bxf6 11. c3 Ne7 12. Nxf6+ gxf6 13. Nc2 Bb7 14. Bd3 d5 15. Qe2 dxe4 16. Bxe4 Bxe4 17. Qxe4 Qd5 18. Qxd5 Nxd5 19. O-O-O Rd8 20. g3 Ke7 21. Rhe1 Rhe8 22. f4 Ke6 23. Re2 Rd7 24. Nd4+ Kd6 25. Nf5+ Kc6 26. Rde1 Ne7 27. Ng7 Rg8 28. Nh5 Nd5 29. fxe5 Rg5 30. Nxf6 Nxf6 31. exf6 Rf5 32. Rd1 Rxd1+ 33. Kxd1 Rxf6 34. Kc2 Kd5 35. Kb3 Rh6 36. Kb4 f5 37. Ka5 Kc4 38. Rd2 Kc5 39. Rf2 Rf6 40. Rf4 h6 41. g4 1-0

[Event "Czech Open GM 2019"]
[Site "Pardubice"]
[Date "2019.07.26"]
[Round "8.19"]
[White "Schmidek, Emil"]
[Black "Frohberg, Marco"]
[Result "1-0"]
[WhiteElo "2391"]
[BlackElo "2227"]
[Annotator "NA"]
[PlyCount "65"]
[EventDate "2019.07.19"]
[EventType "swiss"]
[EventCountry "CZE"]
[SourceTitle "playchess.com"]
[Source "ChessBase"]
[SourceQuality "1"]

1. e4 c6 2. d4 d5 3. e5 Bf5 4. Nf3 e6 5. Be2 c5 6. Be3 cxd4 7. Nxd4 Ne7 8. c4 Nbc6 9. Qa4 a6 10. Nc3 dxc4 11. O-O-O Qa5 12. Qxa5 Nxa5 13. Nxf5 Nxf5 14. Bb6 Nc6 15. f4 Rc8 16. g4 Nh4 17. Kb1 h5 18. g5 Nf5 19. Bxc4 Bb4 20. Ne4 Ba5 21. Bc5 Bb4 22. Bxb4 Nxb4 23. Bb3 Ke7 24. g6 fxg6 25. Ng5 Rc6 26. a3 Nd5 27. Nxe6 Nde3 28. Nd4 Nxd4 29. Rxd4 Rd8 30. Rxd8 Kxd8 31. Rg1 Ke7 32. e6 Kf6 33. e7 1-0

[Event "Czech Open GM 2019"]
[Site "Pardubice"]
[Date "2019.07.26"]
[Round "8.20"]
[White "Bykova, Anastasia"]
[Black "Sarkar, Justin"]
[Result "0-1"]
[WhiteElo "2229"]
[BlackElo "2389"]
[Annotator "TA"]
[PlyCount "48"]
[EventDate "2019.07.19"]
[EventType "swiss"]
[EventCountry "CZE"]
[SourceTitle "playchess.com"]
[Source "ChessBase"]
[SourceQuality "1"]

1. d4 Nf6 2. c4 e6 3. Nf3 c5 4. d5 b5 5. e4 Nxe4 6. Bd3 Nf6 7. O-O bxc4 8. Bxc4 Ba6 9. Bxa6 Nxa6 10. Nc3 Qc8 11. Re1 Be7 12. d6 Bd8 13. Ne5 Nb4 14. a3 Nc6 15. f4 Nd4 16. Be3 Rb8 17. Rc1 Nb3 18. Rc2 Ba5 19. Rf1 O-O 20. g4 Qb7 21. Rg2 Bxc3 22. bxc3 Nd5 23. Bd2 f6 24. Nf3 c4 0-1

[Event "Czech Open GM 2019"]
[Site "Pardubice"]
[Date "2019.07.26"]
[Round "8.20"]
[White "Milikow, Yoav"]
[Black "Erenberg, Ariel"]
[Result "1/2-1/2"]
[WhiteElo "2186"]
[BlackElo "2442"]
[Annotator "TA"]
[PlyCount "84"]
[EventDate "2019.07.19"]
[EventType "swiss"]
[EventCountry "CZE"]
[SourceTitle "playchess.com"]
[Source "ChessBase"]
[SourceQuality "1"]

1. d4 Nf6 2. c4 e6 3. Nc3 Bb4 4. Qc2 d5 5. a3 Bxc3+ 6. Qxc3 O-O 7. Nf3 Nc6 8. Bg5 h6 9. Bh4 dxc4 10. e3 Qe7 11. Bxc4 Re8 12. Ne5 Nxe5 13. dxe5 Ne4 14. Bxe7 Nxc3 15. Bb4 Ne4 16. a4 a5 17. Ba3 Bd7 18. f3 Ng5 19. b3 Nh7 20. O-O Nf8 21. Rfd1 Rad8 22. Rd4 Bc6 23. Rad1 Rxd4 24. Rxd4 Nd7 25. f4 Nb6 26. Bd3 Nd5 27. Kf2 Rb8 28. Rc4 Be8 29. Be4 b5 30. axb5 Rxb5 31. Rc5 Rxc5 32. Bxc5 a4 33. bxa4 Bxa4 34. Ke1 g6 35. Kd2 h5 36. Kd3 c6 37. Kd4 Bd1 38. g3 Kg7 39. Bd3 h4 40. e4 hxg3 41. hxg3 Nc7 42. Bd6 Nb5+ 1/2-1/2

[Event "Czech Open GM 2019"]
[Site "Pardubice"]
[Date "2019.07.26"]
[Round "8.21"]
[White "Vorobiov, Evgeny E."]
[Black "Chylewski, Patryk"]
[Result "1/2-1/2"]
[WhiteElo "2578"]
[BlackElo "2376"]
[Annotator "TA"]
[PlyCount "86"]
[EventDate "2019.07.19"]
[EventType "swiss"]
[EventCountry "CZE"]
[SourceTitle "playchess.com"]
[Source "ChessBase"]
[SourceQuality "1"]

1. Nf3 Nf6 2. g3 d5 3. Bg2 c6 4. O-O Bg4 5. c4 e6 6. d3 dxc4 7. dxc4 Qxd1 8. Rxd1 Nbd7 9. Nc3 Bxf3 10. exf3 O-O-O 11. b3 Bb4 12. Bb2 Nb6 13. Kf1 Rxd1+ 14. Rxd1 Rd8 15. Ke2 Rxd1 16. Nxd1 Nbd7 17. Ne3 Be7 18. Ng4 Nxg4 19. fxg4 Bf6 20. Bc1 Kc7 21. g5 Bd4 22. Be4 g6 23. Bd2 Kd6 24. f4 b6 25. b4 Bb2 26. a4 Bd4 27. g4 c5 28. b5 Bb2 29. Kf3 Bd4 30. h4 Bb2 31. h5 Nf8 32. a5 Bd4 33. a6 Kc7 34. Bc6 Nd7 35. Be1 Kd6 36. Bg3 Bb2 37. f5+ Be5 38. fxe6 fxe6 39. Be1 Bh2 40. Bxd7 Kxd7 41. Ke4 Bd6 42. Bc3 Kc7 43. Be5 Kd7 1/2-1/2

[Event "Czech Open GM 2019"]
[Site "Pardubice"]
[Date "2019.07.26"]
[Round "8.21"]
[White "Yagupov, Igor"]
[Black "Jedlicka, Ales"]
[Result "1-0"]
[WhiteElo "2385"]
[BlackElo "2226"]
[Annotator "NA"]
[PlyCount "97"]
[EventDate "2019.07.19"]
[EventType "swiss"]
[EventCountry "CZE"]
[SourceTitle "playchess.com"]
[Source "ChessBase"]
[SourceQuality "1"]

1. e4 c5 2. Nf3 d6 3. d4 cxd4 4. Nxd4 Nf6 5. Nc3 a6 6. f3 e5 7. Nb3 Be6 8. Be3 h5 9. Qd2 Nbd7 10. Nd5 Bxd5 11. exd5 g6 12. Be2 Bg7 13. O-O O-O 14. Na5 Qc7 15. c4 e4 16. f4 Ng4 17. Bxg4 hxg4 18. Rab1 Nc5 19. f5 gxf5 20. Rxf5 Rae8 21. b4 Nd3 22. Qe2 Ne5 23. Qf2 Qd7 24. Qf4 g3 25. hxg3 Ng6 26. Qf2 Re5 27. g4 Ne7 28. Rxe5 Bxe5 29. Qh4 Ng6 30. Qg5 Re8 31. a3 Bg7 32. Qf5 Qc7 33. g5 Re5 34. Qg4 Re7 35. Re1 Ne5 36. Qh4 Qd7 37. Bf2 Ng4 38. Re2 Qf5 39. g6 e3 40. Bg3 Nf2 41. Re1 Qxg6 42. Qxe7 Qxg3 43. Qe8+ Kh7 44. Qxe3 Qh4 45. g3 Qg4 46. Nb3 Nh3+ 47. Kg2 Ng5 48. Rh1+ Kg6 49. Qd3+ 1-0

[Event "Czech Open GM 2019"]
[Site "Pardubice"]
[Date "2019.07.26"]
[Round "8.22"]
[White "Suleymenov, Alisher"]
[Black "Noe, Christopher"]
[Result "1/2-1/2"]
[WhiteElo "2376"]
[BlackElo "2534"]
[Annotator "ChessBase"]
[PlyCount "58"]
[EventDate "2019.07.19"]
[EventType "swiss"]
[EventCountry "CZE"]
[SourceTitle "playchess.com"]
[Source "ChessBase"]
[SourceQuality "1"]

1. d4 d5 2. c4 c6 3. Nf3 Nf6 4. Nbd2 e6 5. e3 Nbd7 6. Bd3 Bd6 7. O-O O-O 8. b3 b6 9. Bb2 Bb7 10. Rc1 Qe7 11. Qc2 h6 12. Rfd1 Rac8 13. Qb1 Rfd8 14. Ne5 c5 15. cxd5 exd5 16. Ndf3 Bxe5 17. dxe5 Ne4 18. h3 Ng5 19. Nxg5 Qxg5 20. Bh7+ Kh8 21. Bf5 d4 22. Be4 Bxe4 23. Qxe4 dxe3 24. fxe3 Nf8 25. Rd6 Ne6 26. Kh1 Kg8 27. Rcd1 b5 28. Bc3 c4 29. b4 Qe7 1/2-1/2

[Event "Czech Open GM 2019"]
[Site "Pardubice"]
[Date "2019.07.26"]
[Round "8.22"]
[White "Medvedyk, Volodymyr"]
[Black "Rubes, Jan"]
[Result "0-1"]
[WhiteElo "2197"]
[BlackElo "2369"]
[Annotator "NA"]
[PlyCount "88"]
[EventDate "2019.07.19"]
[EventType "swiss"]
[EventCountry "CZE"]
[SourceTitle "playchess.com"]
[Source "ChessBase"]
[SourceQuality "1"]

1. c4 Nf6 2. g3 g6 3. Bg2 Bg7 4. Nc3 O-O 5. e4 e5 6. Nge2 d6 7. d3 Nc6 8. O-O Nd7 9. f4 exf4 10. Bxf4 Nd4 11. Nxd4 Bxd4+ 12. Kh1 Nc5 13. Qd2 Ne6 14. Bh6 c6 15. Bxf8 Qxf8 16. Ne2 Bg7 17. d4 c5 18. dxc5 Nxc5 19. Nf4 Be6 20. b4 Bxc4 21. bxc5 Bxf1 22. Rxf1 dxc5 23. Qd7 Qc8 24. Qd5 Qc7 25. Qc4 Bd4 26. Ne2 Be5 27. Nc3 Rf8 28. Rd1 Qa5 29. Nd5 Kg7 30. Ne3 Bd4 31. Nc2 b5 32. Qe2 Be5 33. Rd5 Qc3 34. Qxb5 Rb8 35. Qe2 Rb2 36. Rd2 Rb1+ 37. Rd1 Rb2 38. Rc1 Bf6 39. Bf1 Bg5 40. Rd1 Rxc2 41. Qd3 Qb2 42. Qf3 Rf2 43. Rb1 Rxf3 44. Rxb2 Rxf1+ 0-1

[Event "Czech Open GM 2019"]
[Site "Pardubice"]
[Date "2019.07.26"]
[Round "8.23"]
[White "Nguyen, Piotr"]
[Black "Iliaguev, Kafar"]
[Result "1-0"]
[WhiteElo "2420"]
[BlackElo "2276"]
[Annotator "NA"]
[PlyCount "47"]
[EventDate "2019.07.19"]
[EventType "swiss"]
[EventCountry "CZE"]
[SourceTitle "playchess.com"]
[Source "ChessBase"]
[SourceQuality "1"]

1. d4 Nf6 2. Bg5 d5 3. e3 c5 4. Bxf6 gxf6 5. dxc5 e6 6. c4 dxc4 7. Nd2 c3 8. bxc3 Bxc5 9. Qg4 Kf8 10. Ngf3 h5 11. Qc4 Be7 12. Be2 Bd7 13. O-O Bc6 14. Rfd1 Qd5 15. Qf4 e5 16. Qf5 Bd7 17. Qc2 Qc6 18. Nh4 Qc8 19. Ne4 Nc6 20. Nd6 Nd4 21. Rxd4 Qc7 22. Rd2 Bxd6 23. Rad1 Qa5 24. Qd3 1-0

[Event "Czech Open GM 2019"]
[Site "Pardubice"]
[Date "2019.07.26"]
[Round "8.23"]
[White "Dobrovoljc, Vid"]
[Black "Poleg, Matan"]
[Result "1-0"]
[WhiteElo "2334"]
[BlackElo "2226"]
[Annotator "NA"]
[PlyCount "57"]
[EventDate "2019.07.19"]
[EventType "swiss"]
[EventCountry "CZE"]
[SourceTitle "playchess.com"]
[Source "ChessBase"]
[SourceQuality "1"]

1. e4 c5 2. Nf3 d6 3. d4 cxd4 4. Nxd4 Nf6 5. Nc3 a6 6. Bd3 Bd7 7. f4 Qb6 8. Nb3 Bc6 9. Qe2 e6 10. Be3 Qc7 11. O-O-O Be7 12. g4 h6 13. h4 h5 14. g5 Ng4 15. g6 fxg6 16. Nd4 e5 17. Ne6 Qc8 18. Nd5 Bxd5 19. exd5 Kf7 20. f5 gxf5 21. Bxf5 Nd7 22. Rdf1 Bf6 23. Bxg4 hxg4 24. Qxg4 g6 25. Bg5 Ke7 26. Rxf6 Nxf6 27. Bxf6+ Kxf6 28. Rf1+ Ke7 29. Qg5+ 1-0

[Event "Czech Open GM 2019"]
[Site "Pardubice"]
[Date "2019.07.26"]
[Round "8.24"]
[White "Mueller, Ralf"]
[Black "Mica, Marek"]
[Result "1-0"]
[WhiteElo "2331"]
[BlackElo "2222"]
[Annotator "NA"]
[PlyCount "49"]
[EventDate "2019.07.19"]
[EventType "swiss"]
[EventCountry "CZE"]
[SourceTitle "playchess.com"]
[Source "ChessBase"]
[SourceQuality "1"]

1. d4 Nf6 2. Nf3 e6 3. c4 Bb4+ 4. Bd2 c5 5. Bxb4 cxb4 6. g3 O-O 7. Bg2 d6 8. O-O Nc6 9. a3 bxa3 10. Rxa3 Nd7 11. Nc3 e5 12. Qd2 Nb6 13. b3 Bg4 14. Rd1 Qe7 15. d5 Bxf3 16. dxc6 Bxg2 17. Kxg2 d5 18. cxb7 Qxa3 19. bxa8=Q Rxa8 20. Nxd5 Qxb3 21. Ne7+ Kf8 22. Qd6 Re8 23. Nf5+ Kg8 24. Qxe5 Rxe5 25. Rd8+ 1-0

[Event "Czech Open GM 2019"]
[Site "Pardubice"]
[Date "2019.07.26"]
[Round "8.24"]
[White "Yandarbiev, Ruslan"]
[Black "Plischki, Sebastian"]
[Result "0-1"]
[WhiteElo "2270"]
[BlackElo "2420"]
[Annotator "NA"]
[PlyCount "94"]
[EventDate "2019.07.19"]
[EventType "swiss"]
[EventCountry "CZE"]
[SourceTitle "playchess.com"]
[Source "ChessBase"]
[SourceQuality "1"]

1. e4 c5 2. Nf3 d6 3. Nc3 a6 4. d4 cxd4 5. Nxd4 Nf6 6. h3 Nc6 7. g4 g6 8. Be3 Nxd4 9. Bxd4 Bh6 10. Qf3 e5 11. Be3 Bxe3 12. Qxe3 b5 13. a3 Be6 14. O-O-O Rb8 15. f4 Qb6 16. Qxb6 Rxb6 17. f5 Bc8 18. g5 Nd7 19. Nd5 Rb8 20. c4 bxc4 21. Bxc4 Nb6 22. Ne3 Bb7 23. Bd3 Ke7 24. f6+ Kd7 25. Bc2 Rbc8 26. Kb1 h6 27. h4 Rxc2 28. Nxc2 Bxe4 29. Rhe1 Bxc2+ 30. Kxc2 Ke6 31. Rd3 hxg5 32. hxg5 Rh2+ 33. Rd2 Rh5 34. Rg2 d5 35. Re3 d4 36. Rb3 Nd5 37. Rgg3 e4 38. Rb8 Rh2+ 39. Kb3 d3 40. Re8+ Kf5 41. Rd8 Ke5 42. Re8+ Kd4 43. Rg4 Re2 44. Rd8 Re1 45. Rg2 Ke5 46. Re8+ Kf5 47. Rf2+ Nf4 0-1

[Event "Czech Open GM 2019"]
[Site "Pardubice"]
[Date "2019.07.26"]
[Round "8.25"]
[White "Hrabusa, Matej"]
[Black "Ahn, Hongjin"]
[Result "0-1"]
[WhiteElo "2397"]
[BlackElo "2177"]
[Annotator "NA RC"]
[PlyCount "110"]
[EventDate "2019.07.19"]
[EventType "swiss"]
[EventCountry "CZE"]
[SourceTitle "playchess.com"]
[Source "ChessBase"]
[SourceQuality "1"]

1. b3 d5 2. Nf3 Nf6 3. Bb2 Bf5 4. g3 e6 5. Bg2 Be7 6. d3 h6 7. O-O O-O 8. Re1 Nbd7 9. Nbd2 c6 10. e4 Bh7 11. e5 Ne8 12. Qe2 b5 13. h4 a5 14. a4 Bb4 15. g4 bxa4 16. bxa4 Be7 17. h5 Nc7 18. Nf1 Rb8 19. Bc3 Bb4 20. Bd2 Bxd2 21. Qxd2 Rb4 22. c3 Rb7 23. g5 hxg5 24. Nxg5 Bxd3 25. Nxf7 Rxf7 26. Qxd3 Qg5 27. Qg6 Qf4 28. Qg3 Rb2 29. f3 Na6 30. Bh3 Nac5 31. Bg4 Qxg3+ 32. Nxg3 Rf4 33. Ne2 Rc4 34. Nd4 Kf7 35. Re3 Nf8 36. f4 Nxa4 37. f5 Nxc3 38. fxe6+ Ke7 39. Rxa5 Nxe6 40. Ra7+ Ke8 41. Ra8+ Nd8 42. h6 gxh6 43. Bh5+ Kd7 44. e6+ Nxe6 45. Ra7+ Nc7 46. Be8+ Kc8 47. Re7 Rxd4 48. Raxc7+ Kb8 49. Bh5 Ra4 50. Be2 Nxe2+ 51. Kf2 Ng1+ 52. Kg3 Ne2+ 53. Kh2 Nf4+ 54. Kg3 Rb3+ 55. Kg4 Ng6+ 0-1

[Event "Czech Open GM 2019"]
[Site "Pardubice"]
[Date "2019.07.26"]
[Round "8.25"]
[White "Sylvan, Jacob"]
[Black "Kusa, Jakub"]
[Result "1-0"]
[WhiteElo "2326"]
[BlackElo "2199"]
[Annotator "NA"]
[PlyCount "91"]
[EventDate "2019.07.19"]
[EventType "swiss"]
[EventCountry "CZE"]
[SourceTitle "playchess.com"]
[Source "ChessBase"]
[SourceQuality "1"]

1. e4 c6 2. d4 d5 3. e5 Bf5 4. Nf3 e6 5. Be2 c5 6. Be3 cxd4 7. Nxd4 Ne7 8. Nd2 Nbc6 9. f4 Nxd4 10. Bxd4 Nc6 11. Bf2 Be7 12. O-O O-O 13. Nb3 Rc8 14. c3 a6 15. Bf3 h6 16. Qe2 Qc7 17. g4 Bg6 18. Bg2 f6 19. exf6 Rxf6 20. Bh4 Rxf4 21. Rxf4 Qxf4 22. Qxe6+ Kh7 23. Bxe7 Nxe7 24. Qxe7 Qxg4 25. h3 Qg3 26. Qe1 Qg5 27. Qd2 Qg3 28. Qf2 Qd6 29. Rf1 Re8 30. Nd4 Be4 31. Re1 Qg6 32. Kh2 Re5 33. Bxe4 dxe4 34. Rg1 e3 35. Qf4 Qe8 36. Re1 Re4 37. Qf5+ g6 38. Qf3 Qe7 39. Nc2 Qd6+ 40. Kh1 Rf4 41. Qxe3 Qd5+ 42. Kh2 Rf3 43. Qe7+ Kg8 44. Qe8+ Kg7 45. Re7+ Kf6 46. Re6+ 1-0

[Event "Czech Open GM 2019"]
[Site "Pardubice"]
[Date "2019.07.26"]
[Round "8.26"]
[White "Zetocha, Claudiu"]
[Black "Mullick, Raahil"]
[Result "1/2-1/2"]
[WhiteElo "2316"]
[BlackElo "2211"]
[Annotator "NA"]
[PlyCount "85"]
[EventDate "2019.07.19"]
[EventType "swiss"]
[EventCountry "CZE"]
[SourceTitle "playchess.com"]
[Source "ChessBase"]
[SourceQuality "1"]

1. c4 e5 2. e3 Nf6 3. a3 Be7 4. Nc3 O-O 5. Nf3 d6 6. Qc2 Re8 7. Be2 Bf8 8. d3 c6 9. b4 a5 10. b5 Nbd7 11. O-O d5 12. bxc6 bxc6 13. Na4 Ba6 14. Bb2 dxc4 15. d4 exd4 16. Bxd4 c5 17. Bb2 Qc7 18. Bxc4 Bxc4 19. Qxc4 Ne4 20. Nc3 Nb6 21. Qe2 Nxc3 22. Bxc3 c4 23. Rfc1 Nd5 24. Nd2 Rac8 25. Qh5 Red8 26. Be5 Qe7 27. Bd4 Nf4 28. Qf3 Rxd4 29. exd4 Ne2+ 30. Kf1 Nxc1 31. Rxc1 c3 32. Rxc3 Rxc3 33. Qxc3 Qxa3 34. Qxa3 Bxa3 35. Nc4 Bb4 36. Ke2 f5 37. Kd3 Kf7 38. d5 Ke7 39. Kc2 a4 40. f3 g6 41. Nb6 a3 42. Nc4 Bc5 43. Kb3 1/2-1/2

[Event "Czech Open GM 2019"]
[Site "Pardubice"]
[Date "2019.07.26"]
[Round "8.26"]
[White "Jeet, Jain"]
[Black "Bruedigam, Martin"]
[Result "0-1"]
[WhiteElo "2258"]
[BlackElo "2395"]
[Annotator "TA"]
[PlyCount "70"]
[EventDate "2019.07.19"]
[EventType "swiss"]
[EventCountry "CZE"]
[SourceTitle "playchess.com"]
[Source "ChessBase"]
[SourceQuality "1"]

1. e4 c5 2. Nf3 e6 3. d4 cxd4 4. Nxd4 Nc6 5. Nc3 Qc7 6. Be3 a6 7. Qd2 Nf6 8. f4 Bb4 9. Bd3 b5 10. a3 Be7 11. e5 Ng4 12. Bg1 Bb7 13. Ne4 f5 14. exf6 Nxf6 15. Ng5 Bd6 16. Qe2 O-O 17. Nxc6 Bxc6 18. Bd4 Bxf4 19. Nh3 Bd6 20. Bxf6 Rxf6 21. O-O-O b4 22. axb4 Bxb4 23. Rhf1 Raf8 24. Rxf6 Rxf6 25. Kb1 Qb8 26. Ng5 Bc3 27. Bxh7+ Kf8 28. b3 Qb6 29. Ne4 Bxe4 30. Qxe4 g6 31. Qa8+ Ke7 32. Qc8 Qd6 33. Rh1 Be5 34. Ka2 Qb6 35. Qc4 Rf4 0-1

[Event "Czech Open GM 2019"]
[Site "Pardubice"]
[Date "2019.07.26"]
[Round "8.27"]
[White "Rozman, Levy"]
[Black "Dushyant Sharma"]
[Result "1/2-1/2"]
[WhiteElo "2382"]
[BlackElo "2168"]
[Annotator "NA"]
[PlyCount "95"]
[EventDate "2019.07.19"]
[EventType "swiss"]
[EventCountry "CZE"]
[SourceTitle "playchess.com"]
[Source "ChessBase"]
[SourceQuality "1"]

1. d4 d5 2. Nf3 e6 3. c4 Nf6 4. Nc3 Bb4 5. g3 O-O 6. Bg2 c5 7. dxc5 dxc4 8. O-O Nc6 9. Qa4 Nd5 10. Ne4 Qa5 11. Qc2 Bxc5 12. Nxc5 Qxc5 13. a3 Qb5 14. Rd1 Nde7 15. Nd4 Nxd4 16. Rxd4 e5 17. Rxc4 Bf5 18. Rc5 Qd7 19. Qd2 Qe6 20. Qc3 Rfd8 21. Bd2 Nd5 22. Qb3 Nb6 23. Qxe6 Bxe6 24. Ba5 f6 25. Bxb7 Rab8 26. Bf3 Rd4 27. Rc7 e4 28. Bg2 Rbd8 29. h4 R8d7 30. Rxa7 Nc4 31. Ra8+ Kf7 32. Bc3 Rd1+ 33. Rxd1 Rxd1+ 34. Kh2 e3 35. f4 Nd2 36. Bd4 Nf1+ 37. Bxf1 Rxf1 38. Bxe3 Bd5 39. Ra7+ Kg6 40. g4 h5 41. f5+ Kh7 42. Kg3 hxg4 43. h5 Kg8 44. Kxg4 Bc4 45. h6 Bxe2+ 46. Kh4 gxh6 47. b4 h5 48. Ra8+ 1/2-1/2

[Event "Czech Open GM 2019"]
[Site "Pardubice"]
[Date "2019.07.26"]
[Round "8.27"]
[White "Cholleti Sahajasri"]
[Black "SYDORYKA, Vladislav"]
[Result "1-0"]
[WhiteElo "2223"]
[BlackElo "2315"]
[Annotator "NA"]
[PlyCount "79"]
[EventDate "2019.07.19"]
[EventType "swiss"]
[EventCountry "CZE"]
[SourceTitle "playchess.com"]
[Source "ChessBase"]
[SourceQuality "1"]

1. Nf3 Nf6 2. c4 g6 3. Nc3 c5 4. d4 cxd4 5. Nxd4 Bg7 6. e4 Nc6 7. Be3 Ng4 8. Qxg4 Nxd4 9. Qd1 e5 10. Bd3 O-O 11. O-O d6 12. a4 Be6 13. a5 Rc8 14. Ra4 Rc5 15. a6 bxa6 16. Rxa6 Rxc4 17. Bxc4 Bxc4 18. Rxa7 Qb8 19. Ra1 Bxf1 20. Qxf1 Qxb2 21. Nd5 Rb8 22. h3 Qc2 23. Qa6 Qxe4 24. Qxd6 Re8 25. Qd7 Rf8 26. Bg5 Ne2+ 27. Kh2 Qd4 28. Rf1 Nc3 29. Ne7+ Kh8 30. Qb7 e4 31. g3 h6 32. Be3 Qd6 33. Nc6 Kg8 34. Rc1 Re8 35. Ra1 Nd1 36. Ra7 Qe6 37. Bc5 Bf6 38. Nd4 Qc4 39. Qc6 Bxd4 40. Qxe8+ 1-0

[Event "Czech Open GM 2019"]
[Site "Pardubice"]
[Date "2019.07.26"]
[Round "8.28"]
[White "Gombocz, Ferenc Jr."]
[Black "Najdin, Danil"]
[Result "0-1"]
[WhiteElo "2210"]
[BlackElo "2314"]
[Annotator "NA"]
[PlyCount "145"]
[EventDate "2019.07.19"]
[EventType "swiss"]
[EventCountry "CZE"]
[SourceTitle "playchess.com"]
[Source "ChessBase"]
[SourceQuality "1"]

1. c4 e5 2. g3 Nf6 3. Bg2 c6 4. d4 d6 5. dxe5 dxe5 6. Qxd8+ Kxd8 7. Nc3 Be6 8. b3 Nbd7 9. Bb2 Kc7 10. Nf3 h6 11. Rc1 Bc5 12. Nd2 Rhe8 13. O-O Bg4 14. e3 a5 15. a3 Bf8 16. h3 Bh5 17. Kh2 Nc5 18. Rc2 Bg6 19. e4 Nd3 20. Ndb1 Nxb2 21. Rxb2 Red8 22. b4 axb4 23. axb4 Rd4 24. Nd2 Rad8 25. Ncb1 Bxe4 26. Nxe4 Nxe4 27. Re1 Nf6 28. Rxe5 Rxc4 29. b5 Rb4 30. Rxb4 Bxb4 31. bxc6 bxc6 32. Re3 Re8 33. Rb3 c5 34. Nc3 Rb8 35. Nd5+ Nxd5 36. Bxd5 f6 37. Kg2 Kb6 38. Bc4 Ra8 39. Re3 Ra1 40. Re6+ Kc7 41. Re7+ Kd6 42. Rxg7 Rc1 43. Bg8 Bc3 44. Rg6 Bd4 45. Rxh6 Rc2 46. h4 Rxf2+ 47. Kh3 Rc2 48. Rg6 c4 49. Rg4 Kc5 50. h5 c3 51. Rg7 Kd6 52. Rg4 Ke5 53. Bh7 Rf2 54. Re4+ Kd5 55. Re1 Kc4 56. h6 f5 57. g4 c2 58. Bxf5 Be5 59. Kh4 Bf4 60. Re4+ Kd5 61. Rxf4 Rh2+ 62. Kg3 c1=Q 63. Be4+ Kd6 64. Rf6+ Ke7 65. Kxh2 Kxf6 66. h7 Qb2+ 67. Kg3 Kg5 68. Bf5 Qc3+ 69. Kf2 Kf4 70. Ke2 Qd4 71. Ke1 Ke3 72. Kf1 Qb2 73. Ke1 0-1

[Event "Czech Open GM 2019"]
[Site "Pardubice"]
[Date "2019.07.26"]
[Round "8.29"]
[White "Teclaf, Pawel"]
[Black "Shailesh, Dravid"]
[Result "1-0"]
[WhiteElo "2454"]
[BlackElo "2254"]
[Annotator "ChessBase"]
[PlyCount "57"]
[EventDate "2019.07.19"]
[EventType "swiss"]
[EventCountry "CZE"]
[SourceTitle "playchess.com"]
[Source "ChessBase"]
[SourceQuality "1"]

1. e4 c5 2. Nf3 Nc6 3. d4 cxd4 4. Nxd4 Nf6 5. Nc3 d6 6. Bc4 Qb6 7. Nb3 e6 8. Bf4 Ne5 9. Be2 Bd7 10. Qd2 a6 11. O-O-O Qc7 12. Bg3 b5 13. f4 b4 14. fxe5 bxc3 15. Qd4 cxb2+ 16. Kb1 dxe5 17. Bxe5 Qd8 18. Rhf1 Be7 19. g4 h6 20. h4 Bc6 21. Qf2 Qc8 22. g5 hxg5 23. hxg5 Bxe4 24. Bd3 Bxd3 25. Rxd3 Nd5 26. Qxf7+ Kd7 27. Rxd5+ exd5 28. Qxd5+ Ke8 29. Qf7+ 1-0

[Event "Czech Open GM 2019"]
[Site "Pardubice"]
[Date "2019.07.26"]
[Round "8.29"]
[White "Hesse, Henrik"]
[Black "Thakur, Akash"]
[Result "1-0"]
[WhiteElo "2193"]
[BlackElo "2311"]
[Annotator "TA"]
[PlyCount "35"]
[EventDate "2019.07.19"]
[EventType "swiss"]
[EventCountry "CZE"]
[SourceTitle "playchess.com"]
[Source "ChessBase"]
[SourceQuality "1"]

1. c4 c6 2. g3 d5 3. Nf3 Nf6 4. Bg2 dxc4 5. O-O Nbd7 6. Na3 Nb6 7. Qc2 Qd5 8. b3 cxb3 9. axb3 g6 10. Nc4 Qd8 11. Nfe5 Nxc4 12. Qxc4 Be6 13. Nxc6 Qc7 14. Qa4 Bd7 15. Qa5 b6 16. Qe5 Qd6 17. Qxd6 exd6 18. Nb4 1-0